| 000 | 00369 a2200169 4500 | ||
|---|---|---|---|
| 001 | 46898 | ||
| 020 | _a9788508085910 | ||
| 040 | _cAnchieta - Aquarius | ||
| 100 | _aCinquetti, Nicola | ||
| 240 | 1 | 0 |
_a#Romeu e Julieta _lpor |
| 245 | 1 | 0 | _a#Romeu e Julieta |
| 300 | _a40 | ||
| 362 | 0 | _a2008 | |
| 440 | 1 | _aÁtica | |
| 650 | 4 | _aLiteratura infanto-juvenil | |
| 942 | _cBK | ||
| 999 |
_c46898 _d46898 |
||